Reading National geographic / (Record no. 17520)

MARC details
000 -LEADER
fixed length control field 01422pam a2200349 a 4500
001 - CONTROL NUMBER
control field 617121
003 - CONTROL NUMBER IDENTIFIER
control field MUT
005 - DATE AND TIME OF LATEST TRANSACTION
control field 20240606081419.0
008 - FIXED-LENGTH DATA ELEMENTS--GENERAL INFORMATION
fixed length control field 921109s1993 ilua b l001 0 eng
010 ## - LIBRARY OF CONGRESS CONTROL NUMBER
LC control number 92040698
020 ## - INTERNATIONAL STANDARD BOOK NUMBER
International Standard Book Number 0226497232
020 ## - INTERNATIONAL STANDARD BOOK NUMBER
International Standard Book Number 0226497240 (pbk.)
040 ## - CATALOGING SOURCE
Original cataloging agency DLC
Transcribing agency MUT
Modifying agency DLC
043 ## - GEOGRAPHIC AREA CODE
Geographic area code n-us---
050 00 - LIBRARY OF CONGRESS CALL NUMBER
Classification number G 1
Item number .N275L88 1993
082 00 - DEWEY DECIMAL CLASSIFICATION NUMBER
Classification number 910/.5
Edition information 20
100 1# - MAIN ENTRY--PERSONAL NAME
Personal name Lutz, Catherine.
245 10 - TITLE STATEMENT
Title Reading National geographic /
260 ## - PUBLICATION, DISTRIBUTION, ETC.
Place of publication, distribution, etc. Chicago :
Name of publisher, distributor, etc. University of Chicago Press,
Date of publication, distribution, etc. 1993.
300 ## - PHYSICAL DESCRIPTION
Extent xvii, 309 p. :
Other physical details ill. ;
Dimensions 24 cm.
504 ## - BIBLIOGRAPHY, ETC. NOTE
Bibliography, etc. note Includes bibliographical references (p. 289-300) and index.
630 00 - SUBJECT ADDED ENTRY--UNIFORM TITLE
Uniform title National geographic.
650 #0 - SUBJECT ADDED ENTRY--TOPICAL TERM
Topical term or geographic name entry element American periodicals
General subdivision History
Chronological subdivision 20th century.
650 #0 - SUBJECT ADDED ENTRY--TOPICAL TERM
Topical term or geographic name entry element Books and reading
Geographic subdivision United States
General subdivision History
Chronological subdivision 20th century.
700 1# - ADDED ENTRY--PERSONAL NAME
Personal name Collins, Jane Lou,
Dates associated with a name 1954-
856 42 - ELECTRONIC LOCATION AND ACCESS
Materials specified Publisher description
Uniform Resource Identifier <a href="http://www.loc.gov/catdir/description/uchi052/92040698.html">http://www.loc.gov/catdir/description/uchi052/92040698.html</a>
856 41 - ELECTRONIC LOCATION AND ACCESS
Materials specified Table of contents
Uniform Resource Identifier <a href="http://www.loc.gov/catdir/toc/uchi051/92040698.html">http://www.loc.gov/catdir/toc/uchi051/92040698.html</a>
856 42 - ELECTRONIC LOCATION AND ACCESS
Materials specified Contributor biographical information
Uniform Resource Identifier <a href="https://www.loc.gov/catdir/enhancements/fy1616/92040698-b.html">https://www.loc.gov/catdir/enhancements/fy1616/92040698-b.html</a>
906 ## - LOCAL DATA ELEMENT F, LDF (RLIN)
a 7
b cbc
c orignew
d 1
e ocip
f 19
g y-gencatlg
942 ## - ADDED ENTRY ELEMENTS (KOHA)
Source of classification or shelving scheme Library of Congress Classification
Koha item type Books
Holdings
Withdrawn status Lost status Source of classification or shelving scheme Damaged status Not for loan Home library Current library Shelving location Date acquired Source of acquisition Total checkouts Full call number Barcode Date last seen Price effective from Koha item type
    Library of Congress Classification     Murang'a University of Technology Library Murang'a University of Technology Library General stacks 17/07/2018 Donation from-TFC   G 1 .N275L88 1993 023052 30/08/2024 17/07/2018 Books